The Maya and Tzental calendars (Record no. 3633)

MARC details
000 -CABECERA
campo de control de longitud fija 00767nam a2200217 a 4500
001 - NÚMERO DE CONTROL
campo de control BRCA_3906
005 - FECHA Y HORA DE LA ÚLTIMA TRANSACCIÓN
campo de control 20190320204453.0
008 - DATOS DE LONGITUD FIJA--INFORMACIÓN GENERAL
campo de control de longitud fija 120110s1900----u--#######---#000-0#eng-#
041 ## - CÓDIGO DE LENGUA
Código de lengua del texto/banda sonora o título independiente eng
044 ## - CÓDIGO DEL PAÍS DE LA ENTIDAD EDITORA/PRODUCTORA
Código MARC del país u
050 #4 - SIGNATURA TOPOGRÁFICA DE LA BIBLIOTECA DEL CONGRESO
Número de clasificación F1435.3
Número de documento/Ítem .M39 1900
245 10 - MENCIÓN DE TÍTULO
Título The Maya and Tzental calendars
Resto del título comprising the complete series of days, with their positions in the month, for each one the fifty-two years of the cycle, according to each system
Mención de responsabilidad, etc. compiled by William E. Gates.
260 ## - PUBLICACIÓN, DISTRIBUCIÓN, ETC.
Lugar de publicación, distribución, etc. Cleveland
Nombre del editor, distribuidor, etc. [William E. Gates]
Fecha de publicación, distribución, etc. 1900
300 ## - DESCRIPCIÓN FÍSICA
Extensión 1 v. (sin paginación)
Dimensiones 27 cm.
500 ## - NOTA GENERAL
Nota general C53
650 14 - PUNTO DE ACCESO ADICIONAL DE MATERIA--TÉRMINO DE MATERIA
Término de materia o nombre geográfico como elemento de entrada Mayas
Término indicativo de función/relación Tzental
Subdivisión general Calendario
9 (RLIN) 10156
651 #4 - PUNTO DE ACCESO ADICIONAL DE MATERIA--NOMBRE GEOGRÁFICO
Nombre geográfico México
Subdivisión de forma Sistema
Subdivisión general Maya
9 (RLIN) 10157
700 1# - PUNTO DE ACCESO ADICIONAL--NOMBRE DE PERSONA
Nombre de persona Gates, William E.
Término indicativo de función/relación compilador
9 (RLIN) 10158
902 ## - CATALOGADOR
Iniciales GFM
942 ## - ELEMENTOS DE PUNTO DE ACCESO ADICIONAL (KOHA)
Fuente del sistema de clasificación o colocación Library of Congress Classification
Tipo de ítem Koha Libros
Holdings
Estado de retiro Estado de pérdida Estado dañado No para préstamo Localización permanente Ubicación/localización actual Fecha de adquisición Número de inventario Total de préstamos Signatura topográfica completa Código de barras Fecha visto por última vez Precio válido a partir de Tipo de ítem Koha
El ejemplar forma parte de la colección y puede ser consultado según las políticas vigentes.       Biblioteca del Museo Franz Mayer (Rogerio Casas-Alatriste) Biblioteca del Museo Franz Mayer (Rogerio Casas-Alatriste) 09/01/2010 C53   F1435.3 .M39 1900 (C53) 3903 22/03/2019 22/03/2019 Libros